[Event "V4 OPEN - International Championship of Slovakia 2
[Site "Banska Stiavnica"]
[Date "2013.07.14"]
[Round "9"]
[Board "75"]
[White "Uhrin, Milan"]
[Black "Horak, Miroslav"]
[Result "0-1"]
[WhiteElo "1394"]
[BlackElo "1823"]
[PlyCount "128"]
[EventDate "2013.07.06"]
[EventRounds "9"]
[EventCountry "SVK"]

1. e4 c5 2. c3 d6 3. d4 cxd4 4. cxd4 Nf6 5. Nc3 a6 6. a4 e6 7. Bd3 Be7 8. e5
Nd5 9. Qg4 Bf8 10. Nf3 Nxc3 11. bxc3 Qc7 12. Bd2 Nc6 13. O-O dxe5 14. dxe5 Nxe5
15. Nxe5 Qxe5 16. Rfe1 Qd5 17. Qd4 Qxd4 18. cxd4 Be7 19. Bc4 O-O 20. Bb3 Rd8
21. Bc3 Bf6 22. Rad1 b6 23. Re3 Bb7 24. Kf1 Rac8 25. Ba1 Bd5 26. Bxd5 Rxd5 27.
Rb3 b5 28. axb5 axb5 29. Ke2 Bg5 30. Bc3 f5 31. g3 Rcd8 32. f4 Be7 33. Rd3 Kf7
34. h4 Ra8 35. Rd2 Ra3 36. Rdb2 Rxb3 37. Rxb3 h6 38. Kd3 g5 39. hxg5 hxg5 40.
Bd2 Kg6 41. Rb1 Bf6 42. Be3 g4 43. Ra1 Kf7 44. Ra7+ Ke8 45. Rh7 Rd7 46. Rh1 Rb7
47. Rh6 Rf7 48. Bd2 Kd7 49. Bc3 Be7 50. Rh1 Kc6 51. Re1 Kd7 52. Re5 b4 53. Bb2
Bd6 54. Re3 Rh7 55. Bc1 Rh1 56. Kc2 Kc6 57. Rxe6 Kd5 58. Re2 Rg1 59. Re3 Kc4
60. Rd3 Rg2+ 61. Bd2 b3+ 62. Rxb3 Rxd2+ 63. Kxd2 Kxb3 64. Ke3 Kb4 0-1

[Event "V4 OPEN - International Championship of Slovakia 2
[Site "Banska Stiavnica"]
[Date "2013.07.14"]
[Round "9"]
[Board "76"]
[White "Piovar, Jaroslav"]
[Black "Nasuta, Andrzej"]
[Result "0-1"]
[WhiteElo "1564"]
[BlackElo "1818"]
[PlyCount "120"]
[EventDate "2013.07.06"]
[EventRounds "9"]
[EventCountry "SVK"]

1. d4 d5 2. c4 e6 3. Nc3 Nf6 4. Bg5 Be7 5. cxd5 Nxd5 6. Bxe7 Qxe7 7. e4 Nxc3 8.
bxc3 O-O 9. Nf3 c5 10. Rb1 Rd8 11. Be2 b6 12. Qc2 Bb7 13. O-O Nd7 14. Rfd1 cxd4
15. cxd4 Nf6 16. Bd3 Rac8 17. Qe2 Rc7 18. Rbc1 Rdc8 19. Rxc7 Rxc7 20. h3 h6 21.
Ne5 Nd7 22. Nf3 Nf8 23. Ne5 Qf6 24. Bc4 Ng6 25. Nxg6 Qxg6 26. f3 Qg5 27. Bb3
Qd8 28. d5 exd5 29. exd5 Rd7 30. d6 Bc6 31. Qe5 Kf8 32. Kh2 Kg8 33. Rd4 Kf8 34.
Rf4 Qg5 35. Qxg5 hxg5 36. Rd4 g6 37. Kg3 Kg7 38. Kg4 Kf6 39. Rd2 Rd8 40. a4
Bd7+ 41. Kg3 Be6 42. Bxe6 Kxe6 43. f4 gxf4+ 44. Kxf4 f6 45. Ke4 Rxd6 46. Rxd6+
Kxd6 47. Kd4 a6 48. g3 Ke6 49. Ke4 f5+ 50. Kd4 g5 51. Ke3 b5 52. axb5 axb5 53.
Kd4 f4 54. gxf4 gxf4 55. Ke4 b4 56. Kxf4 b3 57. Kg5 b2 58. h4 b1=Q 59. Kh6 Kf7
60. h5 Qg1 0-1

[Event "V4 OPEN - International Championship of Slovakia 2
[Site "Banska Stiavnica"]
[Date "2013.07.14"]
[Round "9"]
[Board "77"]
[White "Gonda, Jozef"]
[Black "Ferkova, Dominika"]
[Result "1-0"]
[WhiteElo "1808"]
[BlackElo "1603"]
[PlyCount "85"]
[EventDate "2013.07.06"]
[EventRounds "9"]
[EventCountry "SVK"]

1. d4 d5 2. Nf3 Nf6 3. Bg5 Ne4 4. Bf4 c5 5. c3 Nc6 6. dxc5 Nxc5 7. e3 Bg4 8.
Be2 e6 9. h3 Bh5 10. O-O Bd6 11. Bxd6 Qxd6 12. Na3 a6 13. c4 O-O 14. cxd5 Qxd5
15. Qc1 Nd3 16. Qc3 Ndb4 17. b3 Qa5 18. Nc4 Qc5 19. a3 Nd5 20. Qe1 b5 21. b4
Qe7 22. Ncd2 Nc3 23. Rc1 Nxe2+ 24. Qxe2 Ne5 25. g4 Nxf3+ 26. Nxf3 Bg6 27. Ne5
Be4 28. f3 Qd6 29. Qh2 Bd5 30. f4 Qb6 31. Qf2 Rfd8 32. Kh2 f6 33. Nf3 Bxf3 34.
Qxf3 Rac8 35. Kg3 Rxc1 36. Rxc1 Rd3 37. Qa8+ Kf7 38. Rc5 Rxe3+ 39. Kh4 Rxa3 40.
Qc8 Qd6 41. Rc7+ Kg6 42. Qe8+ Kh6 43. Qh5# 1-0

[Event "V4 OPEN - International Championship of Slovakia 2
[Site "Banska Stiavnica"]
[Date "2013.07.14"]
[Round "9"]
[Board "78"]
[White "Marczuk, Anna"]
[Black "Miklasova, Emma"]
[Result "1-0"]
[WhiteElo "1778"]
[BlackElo "1601"]
[PlyCount "59"]
[EventDate "2013.07.06"]
[EventRounds "9"]
[EventCountry "SVK"]

1. e4 e5 2. Nf3 Nf6 3. Nxe5 d6 4. Nf3 Nxe4 5. Nc3 Nxc3 6. dxc3 Be7 7. Bf4 Be6
8. Qd2 Nc6 9. O-O-O Qd7 10. Kb1 O-O-O 11. Bb5 a6 12. Ba4 b5 13. Bb3 Bxb3 14.
axb3 Qf5 15. Bg3 Rhe8 16. Nd4 Qd5 17. f3 Bf6 18. Qd3 g6 19. Bf2 Nxd4 20. cxd4
Re6 21. c4 bxc4 22. bxc4 Qb7 23. Rhe1 Rde8 24. Rxe6 Rxe6 25. Qc2 a5 26. Rd3 Qa7
27. d5 Re1+ 28. Bxe1 Qg1 29. Rd1 Qxh2 30. Bxa5 1-0

[Event "V4 OPEN - International Championship of Slovakia 2
[Site "Banska Stiavnica"]
[Date "2013.07.14"]
[Round "9"]
[Board "79"]
[White "Paulicka, Ivan"]
[Black "Weis, Dusan"]
[Result "0-1"]
[WhiteElo "1775"]
[BlackElo "1754"]
[PlyCount "94"]
[EventDate "2013.07.06"]
[EventRounds "9"]
[EventCountry "SVK"]

1. e4 e5 2. Nf3 Nc6 3. d4 exd4 4. Nxd4 Bc5 5. Be3 Qf6 6. Nb5 Bd6 7. N1c3 Nge7
8. Nxd6+ cxd6 9. Nb5 O-O 10. c3 a6 11. Nxd6 b5 12. g3 b4 13. Rc1 a5 14. Nxc8
Raxc8 15. Bg2 bxc3 16. bxc3 Ne5 17. O-O d6 18. f4 Nc4 19. Bd4 Qe6 20. f5 Qh6
21. Rf4 Nc6 22. Rh4 Qd2 23. Qxd2 Nxd2 24. Be3 Nc4 25. Bf4 N6e5 26. Rd1 Rb8 27.
Bc1 Rb1 28. Rf4 Ne3 29. Re1 Nxg2 30. Kxg2 Nd3 31. Rff1 Nxe1+ 32. Rxe1 Rc8 33.
Bd2 Rxe1 34. Bxe1 Rc4 35. Kf3 Ra4 36. Ke3 Rxa2 37. c4 Kf8 38. g4 f6 39. Kd4 Ke7
40. Kd5 Kd7 41. h4 Ra1 42. Bc3 Rd1+ 43. Bd4 a4 44. c5 dxc5 45. Kxc5 a3 46. g5
Rxd4 47. Kxd4 a2 0-1

[Event "V4 OPEN - International Championship of Slovakia 2
[Site "Banska Stiavnica"]
[Date "2013.07.14"]
[Round "9"]
[Board "80"]
[White "Goga, Frantisek"]
[Black "Brnusak, Andrej"]
[Result "1-0"]
[WhiteElo "1907"]
[BlackElo "1566"]
[PlyCount "57"]
[EventDate "2013.07.06"]
[EventRounds "9"]
[EventCountry "SVK"]

1. e4 e5 2. Nf3 Nc6 3. d4 exd4 4. Bc4 Nf6 5. e5 d5 6. Bb5 Ne4 7. Nxd4 Bd7 8.
Bxc6 bxc6 9. O-O Bc5 10. f3 Ng5 11. f4 Ne4 12. Be3 Qb8 13. Nd2 Nxd2 14. Qxd2
Qxb2 15. f5 O-O 16. f6 g6 17. Nb3 Bxe3+ 18. Qxe3 Kh8 19. Nd4 Qb6 20. c3 Be6 21.
Kh1 Qc5 22. Qh6 Rg8 23. Rab1 Qf8 24. Qe3 Bd7 25. Rb7 Qc8 26. Rfb1 c5 27. Nf3
Bc6 28. Qh6 Qf8 29. Ng5 1-0

[Event "V4 OPEN - International Championship of Slovakia 2
[Site "Banska Stiavnica"]
[Date "2013.07.14"]
[Round "9"]
[Board "81"]
[White "Jancsy, Peter"]
[Black "Surka, Marian"]
[Result "1/2-1/2"]
[WhiteElo "1613"]
[BlackElo "1746"]
[PlyCount "80"]
[EventDate "2013.07.06"]
[EventRounds "9"]
[EventCountry "SVK"]

1. e4 e5 2. Nf3 d6 3. h3 Nc6 4. Bb5 Bd7 5. Bxc6 Bxc6 6. d3 Qd7 7. Nc3 O-O-O 8.
O-O h6 9. Be3 b6 10. d4 f6 11. d5 Bb7 12. a4 g5 13. a5 g4 14. hxg4 Qxg4 15. Nh2
Qg7 16. Qg4+ Qxg4 17. Nxg4 h5 18. Nh2 Ba6 19. Rfd1 Bb7 20. a6 Ba8 21. b4 Ne7
22. b5 f5 23. Bg5 fxe4 24. Bxe7 Bxe7 25. Nxe4 Rhg8 26. Ra3 Rg7 27. Rg3 Rdg8 28.
c4 Rxg3 29. Nxg3 Rg5 30. Rc1 h4 31. Ne4 Rg7 32. Rc3 Kd8 33. Rh3 Ke8 34. g3 Kf7
35. Kh1 Rh7 36. gxh4 Rxh4 37. Rxh4 Bxh4 38. Kg2 Kg6 39. Kf3 Kf5 40. Ng4 Kg6
1/2-1/2

[Event "V4 OPEN - International Championship of Slovakia 2
[Site "Banska Stiavnica"]
[Date "2013.07.14"]
[Round "9"]
[Board "82"]
[White "Durica, Adam"]
[Black "Hudec, Timotej"]
[Result "1/2-1/2"]
[WhiteElo "1450"]
[BlackElo "1644"]
[PlyCount "73"]
[EventDate "2013.07.06"]
[EventRounds "9"]
[EventCountry "SVK"]

1. e4 e5 2. Nf3 Nc6 3. Bc4 Bc5 4. d3 h6 5. c3 Nf6 6. O-O d6 7. h3 O-O 8. b4 Bb6
9. a4 a6 10. Qb3 Qe7 11. a5 Ba7 12. Be3 Be6 13. Nbd2 Bxc4 14. Qxc4 Qe6 15. Rfe1
Rfe8 16. Nh4 Qxc4 17. Nxc4 d5 18. exd5 Nxd5 19. Bd2 Rad8 20. Nf3 f6 21. Rad1
Kf7 22. g4 Rd7 23. Nb2 Red8 24. h4 b6 25. axb6 Bxb6 26. g5 hxg5 27. hxg5 a5 28.
b5 Na7 29. gxf6 gxf6 30. c4 Nb4 31. Bxb4 axb4 32. Ra1 Nc8 33. Ra4 Bc5 34. Kf1
Nb6 35. Ra6 Rh8 36. Ke2 Re8 37. Kf1 1/2-1/2

[Event "V4 OPEN - International Championship of Slovakia 2
[Site "Banska Stiavnica"]
[Date "2013.07.14"]
[Round "9"]
[Board "83"]
[White "Sosovicka, Jakub"]
[Black "Gregusova, Katarina"]
[Result "0-1"]
[WhiteElo "1620"]
[BlackElo "1544"]
[PlyCount "104"]
[EventDate "2013.07.06"]
[EventRounds "9"]
[EventCountry "SVK"]

1. e4 e5 2. Nf3 Nf6 3. Nxe5 d6 4. Nf3 Nxe4 5. Nc3 Nxc3 6. dxc3 Be7 7. Be3 Bg4
8. Qd2 Qd7 9. O-O-O Nc6 10. h3 Bxf3 11. gxf3 a6 12. Rg1 g6 13. Be2 Qxh3 14. Rg4
f6 15. Rdg1 Qh5 16. Re4 Qf5 17. Rg3 Qd7 18. Bd4 O-O-O 19. f4 Kb8 20. Bg4 Qe8
21. Be6 Qf8 22. Qe1 f5 23. Re2 Bf6 24. Bxf6 Qxf6 25. Rge3 Qh4 26. Rf3 Qg4 27.
Ree3 Rhe8 28. Qd2 Rxe6 29. Rg3 Qxf4 30. Rxe6 Qc4 31. Re1 Qxa2 32. Kd1 Qxb2 33.
Rge3 Qb1+ 34. Ke2 Qb5+ 35. Qd3 Qb6 36. Kd2 Ka7 37. Rh1 Rh8 38. Rg1 f4 39. Re2
Ne5 40. Qe4 h6 41. Qxf4 Qc6 42. Rg3 g5 43. Qd4+ b6 44. Kc1 Rf8 45. Rh3 Rf4 46.
Qe3 Qa4 47. Kb1 Qb5+ 48. Kc1 Ra4 49. Re1 Ra1+ 50. Kd2 Nc4+ 51. Ke2 Nxe3+ 52.
Kxe3 Rxe1+ 0-1

[Event "V4 OPEN - International Championship of Slovakia 2
[Site "Banska Stiavnica"]
[Date "2013.07.14"]
[Round "9"]
[Board "84"]
[White "Majsniar, Jan"]
[Black "Hurton, Dusan"]
[Result "0-1"]
[WhiteElo "1309"]
[BlackElo "1471"]
[PlyCount "52"]
[EventDate "2013.07.06"]
[EventRounds "9"]
[EventCountry "SVK"]

1. d4 Nf6 2. Nc3 d5 3. Nf3 Nc6 4. Bg5 Ne4 5. Nxe4 dxe4 6. Nd2 Qxd4 7. c3 Qd5 8.
Bf4 e5 9. Be3 f5 10. g3 Bd6 11. c4 Qf7 12. f4 exf4 13. gxf4 Qe7 14. h4 Be6 15.
Qc2 O-O-O 16. a3 Bc5 17. Bxc5 Qxc5 18. O-O-O e3 19. Nb3 Rxd1+ 20. Qxd1 Qxc4+
21. Qc2 Qxb3 22. Qxb3 Bxb3 23. Bg2 Nd4 24. Re1 Rd8 25. Bf3 Nxf3 26. exf3 Rd3
0-1

[Event "V4 OPEN - International Championship of Slovakia 2
[Site "Banska Stiavnica"]
[Date "2013.07.14"]
[Round "9"]
[Board "85"]
[White "Sedlacek, Richard"]
[Black "Zicho, Tony"]
[Result "0-1"]
[WhiteElo "1628"]
[BlackElo "1618"]
[PlyCount "124"]
[EventDate "2013.07.06"]
[EventRounds "9"]
[EventCountry "SVK"]

1. e4 c6 2. d4 d5 3. e5 Bf5 4. Bd3 Bxd3 5. Qxd3 e6 6. Bd2 Nd7 7. Nf3 Qc7 8. O-O
c5 9. c3 c4 10. Qe3 Ne7 11. b4 Ng6 12. a4 a5 13. bxa5 Rxa5 14. Qe2 Nb6 15. Qd1
Qc6 16. Qc1 Rxa4 17. Rxa4 Qxa4 18. Qb2 Qa6 19. Bc1 Be7 20. Bg5 O-O 21. Bxe7
Nxe7 22. Na3 Na4 23. Qc2 Rb8 24. Rb1 Nc6 25. Nb5 Na7 26. Nd6 Nc8 27. Ng5 g6 28.
Ndxf7 b5 29. h4 Rb7 30. Nd8 Re7 31. h5 Qb6 32. hxg6 Qxd8 33. g7 Rxg7 34. Nxe6
Rxg2+ 35. Kxg2 Qd7 36. Rh1 Qxe6 37. Qxh7+ Kf8 38. Kf1 Ne7 39. Rh6 Qg8 40. Rf6+
Ke8 41. Qh5+ Kd8 42. Rd6+ Kc7 43. Qh3 Qe8 44. e6 Kxd6 45. Qg3+ Kxe6 46. Qe5+
Kf7 47. Qf4+ Kg8 48. Qg3+ Kh7 49. Qh4+ Kg7 50. Qg5+ Kf8 51. Qf6+ Qf7 52. Qh8+
Qg8 53. Qf6+ Ke8 54. Qa6 Nxc3 55. Qa5 Ne4 56. Qxb5+ Kf7 57. f3 Ng3+ 58. Kf2
Ngf5 59. Kf1 Nxd4 60. Qb2 Ndf5 61. Qe5 Qg7 62. Qf4 Qg3 0-1